00397nam a2200145Ia 4500008004100000020001800041041000800059082001700067100003200084245004000116250000600156260005200162300001200214650002500226210716s2007 xx 000 0 und d a9780763735371 aeng a005.368 TSUF aTsui, Frank;Karam, Orlando. aEssentials of software engineering. a1 aNew DelhibJones and Bartlett Publishers.c2007 axiv,384 aSoftware Engineering